000 00419nam a2200169 4500
005 20260220105038.0
008 CUC123
020 _a9788120329072
050 _aHF 5657.4 HOR
_b1
100 _aHORNGREN, T. CHARLSE
245 _aINTRODUCTION TO MANAGEMENT ACCOUNTING
250 _a13th
260 _aPRENTICE HALL OF INDIA
_bNEW- Delhi
_c2006c
300 _axix,113p
700 _aSUNDEM, L. GARY
942 _2lcc
_cBK
_n0
999 _c8793
_d8793